000 00916nam a22001815i 4500
001 153187
003 ES-MaACL
005 20230906205050.0
008 001116s1895 sp d |||| | spa d
040 _aEXT
_bspa
_cEXT
110 2 _aColegio-Instituto de Santa María de Cée.
_9134272
245 1 0 _aMemoria acerca del estado del Colegio-Instituto de primera y segunda enseñanza de Santa María de Cée (fundado por D. Fernando Blanco de Lema)
_b: curso de 1894 a 1895 /
_cescrita y leída por Enrique Ortiz de Lanzagorta y Garrido.
260 _aMadrid :
_b[s.n.],
_c1895 (
_fImprenta de la viuda de Hernando y Ca.)
300 _a72 p., [1] h. de grab. ;
_c23 cm.
599 1 _aH. de grab. retrato de Fernando Blanco de Lema y Suarez Prieto.
700 2 1 _aOrtiz de Lanzagorta y Garrido, Enrique.
_9130717
852 _aES-MaACL
_jT-869-F-8
_z-- Enc. hol. conservando la cub. original
_z-- Enc. en un vol. facticio
999 _c153187
_d153187